Biological psychology : An introduction to behavioral, cognitive, and clinical neuroscience

Univ. of California, Berkeley. Textbook explores the biological bases of the ways in which bodily states and processes produce and control behavior and cognition, and the ways in which behavior, cognition, and the environment exert their influence on bodily systems. Includes icons, key terms, boxes,...

ver descrição completa

Na minha lista:
Detalhes bibliográficos
Autor principal: Rosenzweig, Mark R
Formato: Livro
Idioma:Undetermined
Publicado em: Sunderland, Mass. Sinauer 2002
Assuntos:
Tags: Adicionar Tag
Sem tags, seja o primeiro a adicionar uma tag!
Thư viện lưu trữ: Trung tâm Học liệu Trường Đại học Cần Thơ
LEADER 01009nam a2200205Ia 4500
001 CTU_214723
008 210402s9999 xx 000 0 und d
082 |a 612.8 
082 |b R816 
100 |a Rosenzweig, Mark R 
245 0 |a Biological psychology : 
245 3 |b An introduction to behavioral, cognitive, and clinical neuroscience 
245 0 |c Mark R. Rosenzweig, S. Marc Breedlove, Arnold L. Leiman 
260 |a Sunderland, Mass. 
260 |b Sinauer 
260 |c 2002 
520 |a Univ. of California, Berkeley. Textbook explores the biological bases of the ways in which bodily states and processes produce and control behavior and cognition, and the ways in which behavior, cognition, and the environment exert their influence on bodily systems. Includes icons, key terms, boxes, and a CD-ROM containing study aids. Previous edition: c1999. Colorful format. 
650 |a Psychobiology,Bệnh tâm thần 
904 |i Qhieu 
980 |a Trung tâm Học liệu Trường Đại học Cần Thơ